01007nam a2200217 a 450000500170000000800410001702000180005805000320007610000250010824500610013325000310019426000510022530000110027644000350028765000320032265000410035499900190039595201250041495201250053995201250066420140412111356.0051104s19uu xx 00 eng d a0-02-831094-2 aTR(GS 372.4bA1 L.1-B.1(RT) aAdams, Marilyn Jager aReteach (orange), L.1-B.1 /cMarilyn Jager Adams, et al. aTeacher's Anotated Edition aColumbus, Ohio :bSRA/McGraw-Hill Comp,c2000. a283 p. aSRA open court reading, Orange aReadingxStudy and teaching aEnglish languagexStudy and teaching c105408d105408 00104050aELbELcTRd2005-11-04eDonationl0oTR(GS 372.4 A1 L.1-B.1(RT)pE10081r2014-04-12 00:00:00w2014-04-12yBK 00104050aELbELcTRd2005-11-04eDonationl0oTR(GS 372.4 A1 L.1-B.1(RT)pE10082r2014-04-12 00:00:00w2014-04-12yBK 00104050aELbELcTRd2005-11-04eDonationl0oTR(GS 372.4 A1 L.1-B.1(RT)pE10083r2014-04-12 00:00:00w2014-04-12yBK